Sports Quiz

Random Sports or NHL Quiz

#6 Athletes Quiz Stats

 Plays Quiz Updated Jun 24, 2018

Also try: #5 Athletes
Challenge
Share
Tweet
Score 0/12 Timer 03:00
11 Plays Today
Athlete % Correct
LeBron James
97.5%
Jay Cutler
87.7%
Julius Erving
85.5%
Bill Russell
83%
Ryan Howard
77.8%
Kristaps Porzingis
73.5%
Tyson Chandler
67.8%
Lorenzo Cain
49.6%
Stan Musial
48.2%
Al Kaline
39.9%
Shea Weber
25.6%
Phil Housley
10.8%

You're not logged in!

Compare scores with friends on all Sporcle quizzes.
Join for Free
OR
Log In

You Might Also Like...

Show Comments

Extras

Top Quizzes Today


Score Distribution

Your Account Isn't Verified!

In order to create a playlist on Sporcle, you need to verify the email address you used during registration. Go to your Sporcle Settings to finish the process.

Report this User

Report this user for behavior that violates our Community Guidelines.

Details: